000 00303nam a22001337a 4500
008 170615b xxu||||| |||| 00| 0 eng d
020 _a9780691058801
041 _aeng
080 _a32
100 _a19
101 _aSHP
245 _aREGIONAL ORDERS AT CENTURY'S DAWN
_cSOLINGEN, E
942 _2udc
_cBK
999 _c17568
_d17568